| 000 | 00690nam a22001817a 4500 | ||
|---|---|---|---|
| 999 |
_c63943 _d63943 |
||
| 005 | 20260226122159.0 | ||
| 008 | 260226s1996 enk||||| |||| 00| 0 eng d | ||
| 020 | _a9780674788015x | ||
| 041 | _aeng | ||
| 080 | _a929:338.22(092):929.52(520) R-37 | ||
| 100 |
_aReischauer, Haru Matsukata _926983 |
||
| 245 |
_aSamurai and Silk: _bA Japanese and American Heritage / _cHaru Matsukata Reischauer. |
||
| 264 |
_aLondon : _bBelknap Press, _c1996. |
||
| 300 |
_a372 p.; _b24 cm. |
||
| 653 | _aსამურაი და აბრეშუმი | ||
| 653 | _aიაპონური და ამერიკული მემკვიდრეობა | ||
| 942 |
_2udc _cᲬᲘᲒᲜᲘ |
||